Online katalóg knižníc regiónu Turca

Z lásky k Nadii (Record no. 22508)

MARC details
000 -LEADER
fixed length control field 01072cam a2200337 a 4500
001 - CONTROL NUMBER
control field 22508
003 - CONTROL NUMBER IDENTIFIER
control field SK-KTurca
005 - DATE AND TIME OF LATEST TRANSACTION
control field 20260330151736.0
008 - FIXED-LENGTH DATA ELEMENTS--GENERAL INFORMATION
fixed length control field 240314s2014 xo g 000 f slo
015 ## - NATIONAL BIBLIOGRAPHY NUMBER
National bibliography number SNBA2014/03
020 ## - INTERNATIONAL STANDARD BOOK NUMBER
International Standard Book Number 9788055137605
Qualifying information (viaz.)
035 ## - SYSTEM CONTROL NUMBER
System control number 5C25153A-6547-4EFF-A622-F112F53ADD23
035 ## - SYSTEM CONTROL NUMBER
System control number urn:nbn:sk:snk-am3h5lf
035 ## - SYSTEM CONTROL NUMBER
System control number urn:nbn:sk:snk-am008yfm
040 ## - CATALOGING SOURCE
Original cataloging agency TTKJF
Language of cataloging slo
Transcribing agency TTKJF
Modifying agency PPPK
-- SNK
Description conventions AACR2
041 1# - LANGUAGE CODE
Language code of text/sound track or separate title slo
Language code of original eng
044 ## - COUNTRY OF PUBLISHING/PRODUCING ENTITY CODE
MARC country code xo
ISO country code SK
072 #7 - SUBJECT CATEGORY CODE
Subject category code 821.111-3
Subject category code subdivision Anglická próza, anglicky písaná
Source konspekt
080 ## - UNIVERSAL DECIMAL CLASSIFICATION NUMBER
Universal Decimal Classification number 821.111-31
Edition identifier 2001
100 1# - MAIN ENTRY--PERSONAL NAME
Personal name Taylor, Sarah,
Dates associated with a name 1976-
Relationship aut
240 10 - UNIFORM TITLE
Uniform title For the love of Nadia
Language of a work Slovensky
245 10 - TITLE STATEMENT
Title Z lásky k Nadii
Statement of responsibility, etc. Sarah Taylorová ; preložila Elvíra Haugová
250 ## - EDITION STATEMENT
Edition statement [1. vyd.]
260 ## - PUBLICATION, DISTRIBUTION, ETC.
Place of publication, distribution, etc. Bratislava
Name of publisher, distributor, etc. Ikar
Date of publication, distribution, etc. 2014
300 ## - PHYSICAL DESCRIPTION
Extent 228 s.
Dimensions 21 cm
655 #7 - INDEX TERM--GENRE/FORM
Genre/form data or focus term anglické romány
Source of term SNKPH
655 #7 - INDEX TERM--GENRE/FORM
Genre/form data or focus term English fiction
Source of term SNKPHeng
700 1# - ADDED ENTRY--PERSONAL NAME
Personal name Haugová, Elvíra,
Dates associated with a name 1972-
Relationship trl
942 ## - ADDED ENTRY ELEMENTS (KOHA)
Source of classification or shelving scheme Dewey Decimal Classification
Koha item type Krásna literatúra pre dospelých
Suppress in OPAC No
Holdings
Stav vyradenia Strata Poškodenie Spôsob nadobudnutia Domovská knižnica Aktuálna knižnica Dátum nadobudnutia Cena Total checkouts Čiarový kód exemplára Date last seen Typ exemplára
      Kúpa Obecná knižnica Horná Štubňa Obecná knižnica Horná Štubňa 30.03.2026 9.50   9788055137605 30.03.2026 Krásna literatúra pre dospelých
Projekt je podporený Slovenskou asociáciou knižníc
Prevádzkuje Turčianska knižnica Martin 2026